000 00720nam a2200229Ii 4500
003 JO-AjNU
008 230605s9999||||xx |||||||||||||| ||und||
017 _a23/3335
020 _a9960-33-629-8
040 _aJO-AjNU
_bara
_erda
_cJO-AjNU
041 _aara
050 1 4 _aBJ1291.2002
100 3 _aبقلم شقيبل، عبدالله بن حسين بن أحمد,
_eauthor
_949118
245 0 0 _aهداية المشتاق لمحاسن الأخلاق
250 _aط1
264 3 1 _aالرياض: دار القاسم، 2002
300 _a80ص
336 _atext
_btxt
_2rdacontent
337 _aunmediated
_bn
_2rdamedia
338 _avolume
_bnc
_2rdacarrier
650 4 _aالاخلاق الاسلامية
_949119
999 _aA21554
_c25122
_d25122